| 000 | 00602nam a22002057a 4500 | ||
|---|---|---|---|
| 005 | 20250529144852.0 | ||
| 008 | 250418b |||||||| |||| 00| 0 eng d | ||
| 020 | _a9789358526684 | ||
| 040 |
_aSDCL _cSDCL |
||
| 041 |
_2eng _aeng |
||
| 084 | _aV43'P R4 | ||
| 245 |
_aPushing the boundaries of South Asian history : _bEssays in honour of Dwijendra Narayan Jha |
||
| 260 |
_aDelhi : _bPrimus Books, _c2024. |
||
| 300 | _axlix,553p. | ||
| 650 | _2History | ||
| 700 |
_aTyagi, Jaya S. _9752433 |
||
| 700 |
_aHusain, Jafri Saiyid Zaheer _9811048 |
||
| 700 | _aFarooqui, Amar | ||
| 942 |
_2CC _cTEXL _n0 |
||
| 999 |
_c1309147 _d1309147 |
||